000
00354nam a2200157Ia 4500
008
151213s9999 xx 000 0 und d
100
_a
Mr. Biswas
245
_a
V.S. Naipaul
_c
Mr. Biswas
250
_a
1 st
260
_a
U . K.
_b
Penguin
_c
1961
300
_a
4161 p.
650
_a
English
650
_a
English
700
_a
Mr. Biswas
999
_c
2587
_d
2587